| 000 | 01078nam a2200277 i 4500 | ||
|---|---|---|---|
| 001 | 196730 | ||
| 003 | ES-MaACL | ||
| 005 | 20241023063119.0 | ||
| 007 | ta | ||
| 008 | 241021b1988 sp ||||| |||| 00| 0 spa d | ||
| 040 |
_bspa _cES-MaACL _dES-MaACL |
||
| 100 | 0 |
_985703 _aNieto Nuño, Miguel _eaut |
|
| 245 |
_aPoemas de lugmein / _cMiguel Nieto Nuño. |
||
| 260 |
_a[Madrid : _bs.n.], _c1988. _f(Gráficas L.G.) |
||
| 300 |
_a38 p.; _c22 cm |
||
| 336 |
_2rdacontent _atexto |
||
| 337 |
_2rdamedia _asin mediación |
||
| 338 |
_2rdacarrier _avolumen |
||
| 655 | 7 |
_2tgfbne _9176539 _aPoesías |
|
| 852 |
_aES-MaACL _cDEPOF _jFOLL-BUE-101 _gDedicatoria manuscrita del autor, Miguel N. Nuño, para Antonio Buero Vallejo: " A don Antonio Buero Vallejo [firma y rúbrica] Madrid, 28-2-89". _hLegado: Antonio Buero Vallejo _9204435 |
||
| 903 |
_932421 _aBuero Vallejo, Antonio, _q1 _d1916-2000 _ednr |
||
| 942 |
_n0 _cFOLLETOS |
||
| 999 |
_c196730 _d196730 |
||